Cumhuriyet bebeleri (Record no. 2889)

MARC details
000 -BAŞLIK
Sabit Uzunlukta Kontrol Alanı 00739na a2200265 4500
001 - KONTROL NUMARASI
Denetim Alanı 20399
003 - KONTROL NUMARASI IDENTIFIER
Denetim Alanı MIRAKIL
005 - SON İŞLEM TARİHİ VE ZAMANI
Denetim Alanı 20181213154913.0
008 - SABİT-BOY VERİ ELEMANLARI - GENEL BİLGİLER
Sabit Uzunlukta Kontrol Alanı 170118b tu 000 0
020 ## - ULUSLARARASI STANDART KİTAP NUMARASI
Uluslararası Standart Kitap Numarası 9754946981
040 ## - KATALOGLAMA KAYNAK
Orijinal Kataloglama Ajansı Milas
Kataloglama Dili tur
Metne Dönüştürmek Ajansı TR-AnCHP
041 ## - DİL KODU
Metin / Ses Parça Veya Ayrı Başlığın Dil Kodu tur
082 ## - DEWEY ONLU SINIFLANDIRMA NUMARASI
Sınıflandırma Numarası 923.2
Ürün Numarası S28c 1998
090 ## - SINIFLAMA NUMARASI
Sınıflama Numarası 923.2 S28c 1998
100 ## - ANA GİRİŞ - KİŞİSEL İSİM
Kişisel Ad Sav, Ergun
245 ## - BAŞLIK TABLOSU
Başlık Cumhuriyet bebeleri
Sorumluluk Tablosu, Vb Ergun Sav
260 ## - YAYIN, DAĞITIM, VB
Yayın, Dağıtım, Vb Yeri Ankara
Yayıncı, Dağıtıcı, Vs Adı Bilgi Yayınevi
Yayın, Dağıtım, Vb Tarihi 1998
300 ## - FİZİKSEL TANIM
Kapsam 115 s.
Boyutlar 20 sm.
440 ## - SERİSİ TABLOSU / KATMA GİRİŞİ - BAŞLIK
Başlık Bilgi Yayınları
Hacim / Ardışık Tanımı 85
490 ## - SERİSİ TABLOSU
Seri Beyanı Bilgi Dizisi
Hacim / Ardışık Tanımı 6
650 ## - KONU KATMA GİRİŞ - TOPİKAL DÖNEM
Topikal Süreli Veya Coğrafi Ad Giriş Elemanı Cumhuriyetçiler
Genel Alt Bölümü Yaşamöyküsü
650 ## - KONU KATMA GİRİŞ - TOPİKAL DÖNEM
Topikal Süreli Veya Coğrafi Ad Giriş Elemanı Cumhuriyet Dönemi
Genel Alt Bölümü Siyasetçiler
Kronolojik Alt Bölümü Yaşamöyküsü
651 ## - KONU KATMA GİRİŞ - COĞRAFİ ADI
Coğrafi İsim Türkiye
Genel Alt Bölümü Cumhuriyet tarihi
Kronolojik Alt Bölümü Kişiler
942 ## - EKLENDİ GİRİŞ ELEMANLARI (KOHA)
Sınıflandırma Veya Raf Düzeni Kaynak Dewey Decimal Classification
Koha Öğesi Türü Books
999 ## - SİSTEM KONTROL NUMARALARI (KOHA)
Koha Biblionumber 2889
Koha Biblioitemnumber 2889
Holdings
Kalıcı Konum Mevcut Konum Edinme Tarihi Edinim Kaynak Toplam Check-Out'Lar Tam Çağrı Numarası Barkod Tarih Son Görülme İtibaren Geçerli Fiyatlar Koha Öğesi Türü
CHP Kütüphanesi CHP Kütüphanesi 01/18/2017 Bağış   923.2 S28c 1998 012533 01/18/2017 01/18/2017 Books